000 00327nam a2200133Ia 4500
008 191201s2019 xx 000 0 und d
082 _a004.21
_bDIS
100 _aDIXIT, JB
245 0 _aStructured system analysis and design
250 _aRep
260 _bLaxmi Publications
_aNEW DELHI
300 _a435
942 _2ddc
_cBK
_06
999 _c7805
_d7805